00950cam a22002894a 450000100090000000300040000900500170001300800410003001000170007103500230008804000300011104200080014108200150014910000200016424500320018426000560021630000090027250400530028160000210033465000230035565000290037865000260040770000210043370000230045485600920047785600910056913992683OSt20230619100309.0050606s2006 njua b 011 0 eng  a 2005050732 a(OCoLC)ocm60664460 aDLCcDLCdYDXdBAKERdDLC apcc00a158.7bSCH cEdgar H. Schein00aOrganizational psychology : aMahwah, N.J. :bLawrence Erlbaum Associates,c2006. a135p aIncludes bibliographical references and indexes.10aRosnow, Ralph L. 0aSocial psychology. 0aOrganizational behavior. 0aPsychologyxResearch.1 aRosnow, Ralph L.1 aHantula, Donald A.413Table of contents onlyuhttp://www.loc.gov/catdir/enhancements/fy0629/2005050732-t.html423Publisher descriptionuhttp://www.loc.gov/catdir/enhancements/fy0704/2005050732-d.html